000 00460nam a2200169Ia 4500
008 230524s9999 xx 000 0 und d
020 _a9788131719770
082 _a658.4012
_bKEL
100 _aKevin Lane Keller
245 0 _a"Strategic Brand Management: Building, Measuring & Managing Brand Equity"
250 _a3RD
260 _aNEW DELHI
_bPearson
_c2008
300 _aXIII;701
500 _aQuantity Number: 5
650 _aManagement
942 _cBK
999 _c46792
_d46792